Informe nacional /
Estudia aspectos históricos de la educación en Costa Rica, con énfasis en los logros alcanzados en los últimos 50 años y pone especial atención al Plan Nacional de Desarrollo Educativo, puesto en marcha en 1972.Observa las tendencias educativas más importantes del período 1972-1978, incluyendo objet...
Salvato in:
| Autore principale: | |
|---|---|
| Altri autori: | , |
| Natura: | testo |
| Pubblicazione: |
San José:
Ministerio de Educación Pública
|
| Soggetti: | |
| Tags: |
Aggiungi Tag
Nessun Tag, puoi essere il primo ad aggiungerne!!
|
MARC
| LEADER | 00000 a a2200000 04500 | ||
|---|---|---|---|
| 001 | 20151 | ||
| 003 | |||
| 040 | |||
| 090 | |a 083000 | ||
| 100 | |a Soto Blanco, Ovidio | ||
| 245 | |a Informe nacional / |c Ovidio Soto Blanco | ||
| 260 | |a San José: |b Ministerio de Educación Pública | ||
| 300 | |a 44 p. | ||
| 520 | |a Estudia aspectos históricos de la educación en Costa Rica, con énfasis en los logros alcanzados en los últimos 50 años y pone especial atención al Plan Nacional de Desarrollo Educativo, puesto en marcha en 1972.Observa las tendencias educativas más importantes del período 1972-1978, incluyendo objetivos, programas, libros de texto, investigaciones pedagógicas, problemas educativos, enseñanza pre - escolar, relación escuela - familia y otros. Señala algunos lineamientos en cuanto a la educación y a las nuevas perspectivas del desarrollo económico y social./ACM | ||
| 650 | |a DESARROLLO DE LA EDUCACION | ||
| 650 | |a HISTORIA DE LA EDUCACION | ||
| 650 | |a REFORMAS DE LA EDUCACION | ||
| 700 | |a Sandoval Torres, Mario | ||
| 700 | |a Rojas, Flora | ||
| 999 | |c 14706 |d 14706 | ||
